000 00301nam a22001217a 4500
008 181102b xxu||||| |||| 00| 0 eng d
041 _aeng
080 _a616.12
100 _a6
101 _aKAR
245 _aMechanisms of Contraction of the Normal and Failing Heart
_cBraunwald, E
942 _2udc
_cBK
999 _c51636
_d51636